Musicians Turned Actors Quiz Stats

 Plays Quiz Updated Jul 3, 2018

Challenge
Share
Tweet
Embed
Score 0/18 Timer 06:00
27 Plays Today
% Correct
Prince
95.3%
Elvis Presley
93.9%
John Lennon
93.7%
Eminem
93.2%
Barbra Streisand
92.3%
Cher
92.2%
Madonna
90.8%
Ice Cube
90.5%
Dolly Parton
90.3%
% Correct
Mark Wahlberg
88.2%
Queen Latifah
88.1%
David Bowie
87.9%
Beyoncé
87.8%
Justin Timberlake
86.9%
Taylor Swift
78.6%
Mick Jagger
69.7%
Tina Turner
68.1%
Sting
67.3%

You're not logged in!

Compare scores with friends on all Sporcle quizzes.
Join for Free
OR
Log In

You Might Also Like...

Show Comments

Extras

Top Quizzes Today


Score Distribution

Your Account Isn't Verified!

In order to create a playlist on Sporcle, you need to verify the email address you used during registration. Go to your Sporcle Settings to finish the process.

Report this User

Report this user for behavior that violates our Community Guidelines.

Details: